000 00341nam a22001457a 4500
008 210308b ||||| |||| 00| 0 eng d
020 _a9780321752253
041 _aeng
080 _29th
_a611
082 _a611
100 _a6
101 _aANA
245 _aHuman Anatomy & Physiology Laboratory Manual
_cMarieb, E. N
942 _2udc
_cBK
999 _c55910
_d55910